| 000 | 00566nam a2200145Ia 4500 | ||
|---|---|---|---|
| 008 | 170221s9999 xx 000 0 und d | ||
| 100 | _aAleksei V. Bogoviz | ||
| 245 | _aServices Infrastructure Forming in the Process of Transport Logistics Stock Movement | ||
| 245 | _cAleksei V. Bogoviz, Yulia V. Ragulina, Svetlana V. Lobova, Boris M. Zhukov, Olga M. Stepanova | ||
| 260 | _bInternational Review of Management and Marketing | ||
| 260 | _c2016 | ||
| 300 | _a6 : 6S | ||
| 650 | _xMarketing. | ||
| 856 | _uhttp://www.econjournals.com/index.php/irmm/issue/view/86 | ||
| 999 |
_c308461 _d308461 |
||